000 00607nmm a2200193Ia 4500
008 251105s9999||||xx |||||||||||||||||und||
020 _a9789587380446
041 _aspa
100 _aContreras Bravo, Nora Constanza
245 0 _aCitogenética aplicada a la medicina
264 _a[Bogotá, Colombia] :
_bUniversidad del Rosario,
_c2009
300 _a182 páginas
650 _aMedicine
700 _aContreras Bravo, Nora Constanza
700 1 _a Silva Aldana, Claudia Tamara
700 1 _a Mateus Arbelaez, Heidi Eliana
856 _uhttps://public.digitaliapublishing.com/a/10221
942 _cCF
999 _c64174
_d64174